The Flying Dutchman /

This is an opera. The pages that follow provide a superb visual rendering of this highly dramatic tale.

Na minha lista:
Detalhes bibliográficos
Autor principal: Wagner, Richard.
Formato: Livro
Idioma:English
Publicado em: Italy : Pagoda books Simon and Schuster, 1987.
Assuntos:
Tags: Adicionar Tag
Sem tags, seja o primeiro a adicionar uma tag!
Thư viện lưu trữ: Mạng thư viện Đại học Đà Nẵng
LEADER 01066cam a2200397 i 4500
001 000044190
003 2448
005 20030319101259.0
008 010217|1987 vm 000 eng
020 |a 0671652958 
022 |a T 
040 |a IRC  |c IRC  |d IRC 
041 0 |a eng 
082 1 4 |a 782.1  |b WA-R 
100 1 |a Wagner, Richard. 
245 0 4 |a The Flying Dutchman /  |c Richard Wagner. 
260 |a Italy :  |b Pagoda books Simon and Schuster,  |c 1987. 
300 |a 69p. ;  |c 25cm. 
520 3 |a This is an opera. The pages that follow provide a superb visual rendering of this highly dramatic tale. 
600 0 5 |a Wagner, Richard,  |d 1813-1883. 
630 0 4 |a Theatre. 
630 0 4 |a Opera. 
630 0 4 |a Richard Wagner. 
630 0 4 |a Flying Dutchman. 
650 0 4 |a Opera. 
650 0 4 |a Wagner, Richard,  |d 1813-1883. 
OWN |a DUT 
999 |a From the UDN01 
TYP |a Monograph 
TYP |a Printed language 
980 |a Mạng thư viện Đại học Đà Nẵng